000
00329nam a22001457a 4500
008
221124b ||||| |||| 00| 0 eng d
020
_a
9781119505259
041
_a
eng
080
_2
12TH EDITION
_a
159.9
082
_a
159.9 HUF
100
_a
25
101
_a
PSI
245
_a
PSYCHOLOGY IN ACTION
_c
HUFFMAN
942
_2
udc
_c
BK
999
_c
59017
_d
59017